Southville International School and Colleges
Your cart is empty.
  • Cart
  • Lists
    Public lists Eva Luna New books Lux_list list_1
    Your lists Log in to create your own lists
  • Log in to your account
  • Your cookies
  • Search history
Southville International School and Colleges
  • Advanced search
  • Recent comments
  • Most popular
  • Libraries

Log in to your account

Log in with GOOGLE


If you do not have an external account, but do have a local account, you can still log in:

  1. Home
  2. MARC view: Thunder Lightning /
Normal view MARC view ISBD view

Thunder Lightning / (Record no. 105848)

[ view plain ]
MARC details
000 -LEADER
fixed length control field 00597nam a2200193 a 4500
005 - DATE AND TIME OF LATEST TRANSACTION
control field 20140412111416.0
008 - FIXED-LENGTH DATA ELEMENTS--GENERAL INFORMATION
fixed length control field 070822s19uu xx 00 eng d
020 ## - INTERNATIONAL STANDARD BOOK NUMBER
International Standard Book Number 0-439-26988-1
050 ## - LIBRARY OF CONGRESS CALL NUMBER
Classification number M 551.55
Item number P47 2002
100 ## - MAIN ENTRY--PERSONAL NAME
Personal name Pfeffer, Wendy
245 ## - TITLE STATEMENT
Title Thunder Lightning /
Statement of responsibility, etc Wendy Pfeffer.
260 ## - PUBLICATION, DISTRIBUTION, ETC. (IMPRINT)
Place of publication, distribution, etc New York :
Name of publisher, distributor, etc Scholastic,
Date of publication, distribution, etc 2002.
300 ## - PHYSICAL DESCRIPTION
Extent 32 p. : col. ill. ; 23 cm.
440 ## - SERIES STATEMENT/ADDED ENTRY--TITLE
Title Scholastic Science Readers
520 ## - SUMMARY, ETC.
Summary, etc Simple text and photgraphs describe two features of storms, thunder and lightning
650 ## - SUBJECT ADDED ENTRY--TOPICAL TERM
Topical term or geographic name as entry element Thunderstorms
650 ## - SUBJECT ADDED ENTRY--TOPICAL TERM
Topical term or geographic name as entry element Lightning
Holdings
Withdrawn status Lost status Damaged status Home library Current library Shelving location Date acquired Source of acquisition Total Checkouts Full call number Barcode Date last seen Price effective from Koha item type
      Elizalde Library Elizalde Library Main Section 08/22/2007     M 551.55 P47 2002 E10798 04/12/2014 04/12/2014 Books

Thunder Lightning /

APA

Pfeffer W., . (2002). Thunder Lightning. New York: Scholastic.

Chicago

Pfeffer Wendy, . 2002. Thunder Lightning. New York: Scholastic.

Harvard

Pfeffer W., . (2002). Thunder Lightning. New York: Scholastic.

MLA

Pfeffer Wendy, . Thunder Lightning. New York: Scholastic. 2002.

  • Place hold
  • Print
  • Cite
  • Add to your cart (remove)
  • Save record
    BIBTEX Dublin Core MARCXML MARC (non-Unicode/MARC-8) MARC (Unicode/UTF-8) MARC (Unicode/UTF-8, Standard) MODS (XML) RIS
  • More searches
    Search for this title in:
    Other Libraries (WorldCat) Other Databases (Google Scholar) Online Stores (Bookfinder.com) Open Library (openlibrary.org)

Exporting to Dublin Core...

SOUTHVILLE LIBRARY

Southville International School and Colleges Library

1281 Tropical Ave. Cor. Luxembourg St., BF Homes International, Las Pinas City

Tel. No. 8256374 / 252358 Loc. 117/146

Powered by Koha